00798 2200229 4500001002100000005001700021008004100038035002500079040001200104082001400116084001900130100002200149245012600171260005200297300003000349500008400379504002800463650003400491700001300525850001200538990001800550INLIS00000000000879220150805120941.0  a0010-081500000000230 aYOPDYOG 223a540.7 aSK 540.7 Dwi P aDWI Mei Dewandari aPengembangan lembar kerja siswa Sains aspek kimia untuk SMP/MTs kelas VII berdasarkan kurikulum 2004c/ Dwi Mei Dewandari aYogyakartabUniversitas Negeri Yogyakartac2006 axiv, 56 lembar ; 69,5 cm. aSkripsi Fakultas Matematika dan ilmu pengetahuani Universitas Negeri Yogyakarta aBibliografi: hlm. 68-69 aKimia -- Studi dan Pengajaran aSUKARDJO aYOPDYOG a47163-PD/A.15